[Event "Russian Championship HL 2015 Male"]
[Site "Kaliningrad"]
[Date "2015.06.22"]
[Round "1.17"]
[White "Kokarev, Dmitry"]
[Black "Mokshanov, Alexey"]
[Result "1/2-1/2"]
[WhiteElo "2639"]
[BlackElo "2458"]
[PlyCount "0"]
[EventDate "2015.06.22"]

1.e4 e6 2.d4 d5 3.Nc3 Nf6 4.Bg5 dxe4 5.Nxe4 Nbd7 6.Nf3 h6 7.Bxf6
Nxf6 8.Bd3 Nxe4 9.Bxe4 Be7 10.Qe2 c5 11.O-O-O Qa5 12.Kb1 Bf6
13.Ne5 cxd4 14.f4 Qc5 15.Qh5 O-O 16.Rd3 Bxe5 17.Qxe5 Qxe5 18.fxe5
Rd8 19.Rhd1 Kf8 20.Rxd4 Rxd4 21.Rxd4 Ke7 22.Bf3 Rb8 23.Rg4 g6
24.Rh4 h5 25.Rc4 Kd8 26.Ra4 a6 27.Rd4+ Bd7 28.c4 Kc7 29.Kc2 b6
30.Rf4 f5 31.h4 Rg8 32.Kd3 g5 33.hxg5 Rxg5 34.Rh4 Bc6 35.Rxh5
Rxh5 36.Bxh5 Bxg2 37.Kd4 a5 38.a3 Bc6 39.Bd1 Kd7 40.c5 b5 41.Be2
Ke7 42.b4 axb4 43.axb4 Kf7 44.Ke3 Ke7 45.Kf4 Kf7 46.Kg5 Ke7 47.Kg6
Be8+ 48.Kg7 Bc6 49.Bf1 f4 50.Kg6 f3 51.Kg5 Kf7 52.Bh3 Bd5 53.Kg4
Kg6 54.Kf4 Kh6 55.Kg3 Kg5 56.Bg4 f2 57.Bh3 Bc4 58.Kxf2 Kf4 59.Bg2
Kxe5 60.Ke3 Bd5 61.Bf3 Kf5 62.Be2 Bc6 63.Bf1 e5 64.Bh3+ Kf6 65.Bg4
Kg5 66.Bf3 Bxf3 67.Kxf3 Kf5 68.Kg3 e4 69.Kf2 Ke6 70.Kg2 Ke5 71.Kh3
Kf5 72.Kg3 Ke5 73.Kg4 Ke6 74.Kf4 Kd5 75.c6 Kxc6 76.Kxe4 Kd6 77.Kd4
Kc6 78.Ke5 Kc7 79.Kd5 Kd7 80.Kc5 Kc7 81.Kxb5 Kb7 82.Kc5 Kc7 83.b5
Kb7 84.b6 Kb8 85.Kc6 Kc8 86.b7+ Kb8 87.Kb6 1/2-1/2

[Event "Russian Championship HL 2015 Male"]
[Site "Kaliningrad"]
[Date "2015.06.22"]
[Round "1.18"]
[White "Airapetian, Gor"]
[Black "Landa, Konstantin"]
[Result "0-1"]
[WhiteElo "2444"]
[BlackElo "2627"]
[PlyCount "0"]
[EventDate "2015.06.22"]

1.d4 d5 2.c4 dxc4 3.e4 e5 4.Nf3 exd4 5.Bxc4 Nc6 6.O-O Bc5 7.Ng5
Nh6 8.Nxf7 Nxf7 9.Bxf7+ Kxf7 10.Qh5+ g6 11.Qxc5 Qe7 12.Qxe7+
Nxe7 13.Bf4 c5 14.Rc1 b6 15.b4 cxb4 16.Rc7 Rd8 17.Nd2 Be6 18.Nf3
Ke8 19.Ne5 Rdc8 20.Rb7 Rc5 21.Nd3 Rc3 22.Bg5 Nc6 23.Nf4 Bxa2
24.Nd5 b3 25.Nc7+ Kd7 26.Nxa8+ Kc8 27.Rxh7 b2 28.Re1 Kb8 29.Nc7
Ne5 0-1

[Event "Russian Championship HL 2015 Male"]
[Site "Kaliningrad"]
[Date "2015.06.22"]
[Round "1.19"]
[White "Kobalia, Mikhail"]
[Black "Zenzera, Alexey"]
[Result "1-0"]
[WhiteElo "2623"]
[BlackElo "2440"]
[PlyCount "0"]
[EventDate "2015.06.22"]

1.e4 c6 2.d4 d5 3.Nd2 dxe4 4.Nxe4 Bf5 5.Ng3 Bg6 6.h4 h6 7.Nf3
Nd7 8.h5 Bh7 9.Bd3 Bxd3 10.Qxd3 e6 11.Bd2 Ngf6 12.O-O-O Be7 13.Kb1
O-O 14.Ne4 c5 15.g4 Nxg4 16.Qe2 f5 17.Nxc5 Nxc5 18.dxc5 Qc8 19.Ne1
Bxc5 20.Nd3 Bd4 21.f3 Nf6 22.c3 Bb6 23.Qg2 Kh7 24.Qg6+ Kh8 25.Bxh6
gxh6 26.Qxh6+ Kg8 27.Ne5 Qc5 28.Qg5+ 1-0

[Event "Russian Championship HL 2015 Male"]
[Site "Kaliningrad"]
[Date "2015.06.22"]
[Round "1.20"]
[White "Shkapenko, Pavel"]
[Black "Rakhmanov, Aleksandr"]
[Result "0-1"]
[WhiteElo "2431"]
[BlackElo "2623"]
[PlyCount "0"]
[EventDate "2015.06.22"]

1.e4 d5 2.exd5 Qxd5 3.Nc3 Qd6 4.d4 Nf6 5.Nf3 g6 6.Ne5 Bg7 7.Bf4
Nd5 8.Nxd5 Qxd5 9.f3 O-O 10.Bc4 Qa5+ 11.Qd2 Qxd2+ 12.Kxd2 e6
13.c3 Nd7 14.Rae1 Nxe5 15.Bxe5 Bd7 16.h4 Rfd8 17.Kc1 Rac8 18.h5
b5 19.Bb3 c5 20.hxg6 hxg6 21.Bxg7 Kxg7 22.dxc5 Rxc5 23.Rd1 Rcc8
24.Rd4 Be8 25.Rxd8 Rxd8 26.Rd1 Rc8 27.Kd2 a5 28.a3 Kf6 29.Ke3
g5 30.Rd4 Ke7 31.Rd1 f5 32.g3 Bf7 33.Rh1 Rd8 34.f4 gxf4+ 35.gxf4
Rg8 36.Bd1 Rg2 37.Be2 e5 38.Re1 Kf6 39.b4 axb4 40.axb4 Rg3+ 41.Kd2
exf4 42.Bxb5 Rg2+ 43.Kd3 Bd5 44.Kd4 Rd2+ 45.Kc5 f3 46.Bf1 f2
47.Rc1 f4 48.c4 Be4 49.b5 f3 50.Kb4 Re2 51.Kc3 Ke5 52.c5 Kf4
53.c6 Ke3 54.c7 Re1 55.Kb2 Bb7 56.Rc3+ Kf4 57.Bh3 Kg3 58.b6 Kxh3
59.Rxf3+ Kg2 0-1

[Event "Russian Championship HL 2015 Male"]
[Site "Kaliningrad"]
[Date "2015.06.22"]
[Round "1.21"]
[White "Khalifman, Alexander"]
[Black "Gontcharov, Vladislav"]
[Result "1-0"]
[WhiteElo "2623"]
[BlackElo "2431"]
[PlyCount "0"]
[EventDate "2015.06.22"]

1.Nf3 Nf6 2.c4 c5 3.Nc3 Nc6 4.g3 e5 5.Bg2 Be7 6.O-O O-O 7.d3
d6 8.a3 h6 9.Ne1 Be6 10.Nd5 Qd7 11.Rb1 Rab8 12.b4 cxb4 13.axb4
Rfc8 14.Nxf6+ Bxf6 15.b5 Nd8 16.e4 Bg4 17.f3 Bh5 18.Be3 b6 19.Qd2
Be7 20.Nc2 Bg6 21.Nb4 Nb7 22.Nc6 Rxc6 23.bxc6 Qxc6 24.f4 f6 25.f5
Bf7 26.g4 Nc5 27.h4 Nd7 28.Bf3 Kf8 29.Rb2 a6 30.Kh2 b5 31.Rfb1
Bd8 32.Be2 Ke7 33.Bd1 b4 34.Rxb4 Ba5 35.Ba4 Qxa4 36.Rxa4 Bxd2
37.Rxb8 Bxe3 38.Rb7 h5 39.Kh3 hxg4+ 40.Kxg4 Bc5 41.Rxa6 Bf2 42.Ra8
Be8 43.Rc7 Bb6 44.Rcc8 Bf7 45.Rh8 Be3 46.Kf3 Bh6 47.Ra7 Bh5+
48.Kf2 Bg4 49.Rc8 Bh5 50.Rc6 Bf7 51.Rcc7 Be8 52.Kf3 Bh5+ 53.Kg3
Be8 54.Kg4 Be3 55.Ra2 Kd8 56.Rb7 Ke7 57.Ra8 Bf2 58.Rc8 Be3 59.Kf3
Bh6 60.Ra7 Bh5+ 61.Kg2 Be8 62.c5 dxc5 63.Rxc5 Bf7 64.Rc6 Bf4
65.Rb7 Bh6 66.Rcc7 Be8 67.Rc8 Bh5 68.Kg3 Bf4+ 69.Kg2 Be8 70.Kh3
Be3 71.Kg4 Bf2 72.Ra8 Be3 73.Rxe8+ Kxe8 74.Kh5 Bf2 75.Rb2 Bd4
76.Rc2 Be3 77.Kg6 Bh6 78.Kh7 Ke7 79.h5 Kf7 80.Rc7 Ke7 81.Kg8
Kd6 82.Rc2 Nc5 83.Rg2 Nxd3 84.Rxg7 Nf2 85.Rg6 Bf4 86.h6 Bxh6
87.Rxf6+ Kc5 88.Rxh6 Nxe4 89.Kg7 Kd5 90.f6 Nc5 91.f7 Nd7 92.Rh1
Nc5 93.Rd1+ Ke4 94.Kf6 1-0

[Event "Russian Championship HL 2015 Male"]
[Site "Kaliningrad"]
[Date "2015.06.22"]
[Round "1.22"]
[White "Dzhumagaliev, Yan"]
[Black "Ponkratov, Pavel"]
[Result "0-1"]
[WhiteElo "2424"]
[BlackElo "2610"]
[PlyCount "0"]
[EventDate "2015.06.22"]

1.d4 Nf6 2.c4 c5 3.d5 b5 4.cxb5 a6 5.bxa6 g6 6.Nc3 Bg7 7.e4 O-O
8.e5 Ne8 9.Nf3 d6 10.Bg5 h6 11.Be3 dxe5 12.Bxc5 Nxa6 13.Be3 Nd6
14.Be2 Rb8 15.Bc1 e4 16.Nd4 Nb4 17.O-O Bb7 18.Nb3 Nf5 19.Nxe4
Nxd5 20.Nec5 Ba8 21.Bf3 Qd6 22.Qd2 Rfc8 23.Rd1 e6 24.Ne4 Qa6
25.Qd3 Qa7 26.a3 Bb7 27.Be2 Rc6 28.Qd2 Ba8 29.Qd3 Qb6 30.g4 Nh4
31.Nd4 Rxc1 32.Raxc1 Nf4 33.Qd2 g5 34.Nc5 Bxd4 0-1

[Event "Russian Championship HL 2015 Male"]
[Site "Kaliningrad"]
[Date "2015.06.22"]
[Round "1.23"]
[White "Shimanov, Aleksandr"]
[Black "Yandemirov, Valeri"]
[Result "1-0"]
[WhiteElo "2606"]
[BlackElo "2405"]
[PlyCount "0"]
[EventDate "2015.06.22"]

1.d4 Nf6 2.c4 g6 3.f3 d5 4.cxd5 Nxd5 5.e4 Nb6 6.Nc3 Bg7 7.Be3
Nc6 8.d5 Ne5 9.f4 Ng4 10.Bb5+ Bd7 11.Bd4 O-O 12.Bxg7 Kxg7 13.Qd4+
Kg8 14.Bxd7 Qxd7 15.h3 Nf6 16.Nge2 c6 17.a4 Rad8 18.Rd1 Rc8 19.a5
c5 20.Qd3 Na4 21.Qd2 Nxc3 22.Nxc3 Qc7 23.e5 Nh5 24.g4 Ng7 25.O-O
Qxa5 26.f5 c4 27.f6 exf6 28.exf6 Ne8 29.Kh1 Qb6 30.Ne4 Rd8 31.Qh6
Qb3 32.Rd2 Qb4 33.Ng5 1-0

[Event "Russian Championship HL 2015 Male"]
[Site "Kaliningrad"]
[Date "2015.06.22"]
[Round "1.24"]
[White "Yanchenko, Roman"]
[Black "Volkov, Sergey"]
[Result "1/2-1/2"]
[WhiteElo "2384"]
[BlackElo "2599"]
[PlyCount "0"]
[EventDate "2015.06.22"]

1.d4 d5 2.c4 c6 3.Nf3 Nf6 4.Nc3 a6 5.cxd5 cxd5 6.Bf4 Nc6 7.e3
Bg4 8.Be2 e6 9.Ne5 Nxe5 10.Bxe5 Bxe2 11.Bxf6 Bxd1 12.Bxd8 Bh5
13.Bh4 Rc8 14.Kd2 Kd7 15.Rhc1 Rc4 16.a3 Bd6 17.Bg3 Be7 18.b3
Rc6 19.Na4 Rhc8 20.Nc5+ Bxc5 21.dxc5 Rxc5 22.Rxc5 Rxc5 23.Rc1
Rxc1 24.Kxc1 Be2 25.Bb8 Bf1 26.g3 Ke7 27.Kd2 Kf6 28.f3 g5 29.h4
gxh4 30.gxh4 Kf5 31.Bc7 e5 32.a4 Bg2 33.Ke2 e4 34.fxe4+ dxe4
35.a5 Kg4 36.Kf2 Bf3 37.Bd8 Bd1 38.b4 Ba4 39.Bf6 Bc6 40.Bd8 f5
41.Be7 f4 42.exf4 Kxf4 43.Bg5+ Ke5 44.Ke3 Kd5 45.Be7 Kc4 46.Bf8
Kc3 47.Be7 Kb3 48.Bf8 Kc4 49.Be7 Kd5 50.Bf6 Ke6 51.Bd8 Ke5 52.Be7
Kf5 53.Bd8 Kg4 54.Be7 Bd5 55.Bd8 Kf5 56.Be7 Bf7 57.Bd8 Bg6 58.Be7
Ke5 59.Bd8 Kd6 60.Bg5 Kd7 61.Bf6 Kc6 62.Be7 b6 63.Bd8 bxa5 64.bxa5
Kb5 65.Bc7 Kc4 66.Bd8 Kd5 67.Bf6 Ke6 68.Bd8 Kf5 69.Be7 Be8 70.Bd8
Bb5 71.Be7 Bd3 72.Bd8 Kg4 73.Be7 Kf5 74.Bd8 Bb5 75.Be7 Bc6 76.Bd8
h6 77.Be7 Kg4 78.Bf8 Kh5 79.Be7 Bb7 80.Bd8 Kg4 81.Be7 Ba8 82.Bd8
Bb7 83.Be7 Ba8 84.Bd8 Bb7 85.Be7 Ba8 86.Bf8 Kxh4 87.Bxh6 Kg4
88.Bf8 Kf5 89.Bc5 Ke5 90.Bb4 Kd5 91.Bd2 Bb7 92.Be1 Ba8 93.Bd2
Bb7 94.Be1 Ba8 95.Bd2 Bb7 96.Be1 Ba8 97.Bd2 Bb7 98.Be1 Ba8 99.Bd2
Bb7 1/2-1/2

[Event "Russian Championship HL 2015 Male"]
[Site "Kaliningrad"]
[Date "2015.06.22"]
[Round "1.25"]
[White "Demchenko, Anton"]
[Black "Musaev, Rasul"]
[Result "1-0"]
[WhiteElo "2589"]
[BlackElo "2341"]
[PlyCount "0"]
[EventDate "2015.06.22"]

1.e4 c5 2.Nf3 d6 3.d4 cxd4 4.Nxd4 Nf6 5.Nc3 Nc6 6.Bg5 e6 7.Qd2
a6 8.O-O-O Bd7 9.f3 Be7 10.Kb1 Qc7 11.h4 h6 12.Be3 h5 13.Nxc6
bxc6 14.Bc4 d5 15.Bb3 a5 16.Na4 Rb8 17.Bc5 Bxc5 18.Nxc5 Qa7 19.Qc3
O-O 20.e5 Nh7 21.Ba4 Rfc8 22.a3 Be8 23.Rhg1 Qe7 24.g4 Qxh4 25.Rh1
Qf2 26.gxh5 Rd8 27.Rhf1 Qe2 28.f4 Qc4 29.Qxc4 dxc4 30.Rxd8 Rxd8
31.Nb7 Rb8 32.Nxa5 f6 33.Nxc6 Ra8 34.Ne7+ Kf7 35.Bxe8+ Kxe7 36.Bg6
Nf8 37.Be4 Ra5 38.Rg1 Kf7 39.Bf3 fxe5 40.Rg5 Kf6 41.Be2 c3 42.Rxe5
Rxe5 43.fxe5+ Kxe5 44.b4 Kd4 45.a4 e5 46.a5 e4 47.Bg4 e3 48.Be2
Nd7 49.Ka2 Ke4 50.Kb3 Kf4 51.a6 Kg3 52.a7 Nb6 53.Kxc3 1-0

[Event "Russian Championship HL 2015 Male"]
[Site "Kaliningrad"]
[Date "2015.06.22"]
[Round "1.26"]
[White "Rozhko, Dmitry"]
[Black "Bocharov, Dmitry"]
[Result "0-1"]
[WhiteElo "2336"]
[BlackElo "2580"]
[PlyCount "0"]
[EventDate "2015.06.22"]

1.d4 Nf6 2.Nf3 e6 3.Bg5 h6 4.Bh4 d6 5.Nbd2 g5 6.Bg3 Nh5 7.e4
Bg7 8.c3 Nxg3 9.hxg3 g4 10.Nh4 h5 11.Bd3 Nc6 12.Qe2 Qg5 13.O-O-O
e5 14.d5 Ne7 15.Kc2 Bd7 16.Nc4 f5 17.Ne3 fxe4 18.Bxe4 O-O-O 19.c4
Rhf8 20.Rd2 Rf6 21.b4 Rdf8 22.Rf1 Kb8 23.Kb3 Bh6 24.c5 Qg8 25.Kb2
Qf7 26.Qd3 Bxe3 27.Qxe3 Bb5 28.Rc1 Rxf2 29.Rcc2 Rxd2 30.Rxd2
Bc4 31.Qc3 Bxd5 32.cxd6 cxd6 33.Bxd5 Nxd5 34.Qd3 Nb6 35.Qxd6+
Ka8 36.Qd8+ Nc8 37.Qd7 Qc4 38.a3 Nb6 0-1

[Event "Russian Championship HL 2015 Male"]
[Site "Kaliningrad"]
[Date "2015.06.22"]
[Round "1.27"]
[White "Frolyanov, Dmitry"]
[Black "Kravtsov, Sergey"]
[Result "1-0"]
[WhiteElo "2566"]
[BlackElo "2325"]
[PlyCount "0"]
[EventDate "2015.06.22"]

1.e4 e6 2.d4 d5 3.Nc3 Bb4 4.e5 Ne7 5.a3 Bxc3+ 6.bxc3 c5 7.Qg4
cxd4 8.Qxg7 Rg8 9.Qxh7 Qc7 10.Ne2 dxc3 11.h4 Nbc6 12.f4 d4 13.h5
Bd7 14.h6 O-O-O 15.Qd3 Be8 16.h7 Rh8 17.Ng3 Ng6 18.Ne4 Ncxe5
19.fxe5 Qxe5 20.Bg5 Bc6 21.Bf6 Qxe4+ 22.Qxe4 Bxe4 23.O-O-O e5
24.Re1 Bd5 25.Bd3 Bxg2 26.Bf5+ Kc7 27.Rh2 Bc6 28.Bxg6 fxg6 29.Bxe5+
Kb6 30.Bf6 Rde8 31.Bxd4+ 1-0

[Event "Russian Championship HL 2015 Male"]
[Site "Kaliningrad"]
[Date "2015.06.23"]
[Round "2.17"]
[White "Matsenko, Sergei"]
[Black "Kokarev, Dmitry"]
[Result "1/2-1/2"]
[WhiteElo "2505"]
[BlackElo "2639"]
[PlyCount "0"]
[EventDate "2015.06.22"]

1.Nf3 g6 2.e4 Bg7 3.d4 d6 4.Nc3 Nf6 5.Be2 O-O 6.O-O a6 7.a4 Nc6
8.h3 e6 9.Bg5 h6 10.Be3 b6 11.Qd2 Kh7 12.Rad1 Bb7 13.e5 dxe5
14.dxe5 Qxd2 15.Rxd2 Nd5 16.Nxd5 exd5 17.Rxd5 Nxe5 18.Rxe5 Bxf3
19.Bxf3 Bxe5 20.Bxa8 Rxa8 21.Rd1 b5 22.axb5 axb5 23.Kf1 c6 24.Rd7
Kg7 25.Bd4 Bxd4 26.Rxd4 Ra2 27.Rd6 Rxb2 28.Rxc6 b4 29.g4 b3 30.cxb3
Rxb3 31.Kg2 Rb5 32.Kg3 h5 33.Rc7 Rb3+ 34.f3 h4+ 35.Kxh4 Rxf3
36.g5 Rf1 37.Kg4 Rg1+ 38.Kf4 Rh1 39.Kg4 Rf1 40.h4 Rg1+ 1/2-1/2

[Event "Russian Championship HL 2015 Male"]
[Site "Kaliningrad"]
[Date "2015.06.23"]
[Round "2.18"]
[White "Volkov, Sergey"]
[Black "Paravyan, David"]
[Result "0-1"]
[WhiteElo "2599"]
[BlackElo "2478"]
[PlyCount "0"]
[EventDate "2015.06.22"]

1.d4 Nf6 2.Nf3 g6 3.Bf4 d6 4.e3 Nh5 5.Bg5 h6 6.Bh4 g5 7.Nfd2
Ng7 8.Bg3 Nf5 9.Bd3 h5 10.Qf3 g4 11.Qe2 Bg7 12.Nc3 e5 13.dxe5
Nxg3 14.hxg3 Bxe5 15.Nc4 Bxc3+ 16.bxc3 Qf6 17.Qd2 d5 18.Na5 b6
19.Nb3 Bb7 20.a4 a5 21.Bb5+ c6 22.Qxd5 Qxc3+ 23.Kf1 Nd7 24.Qe4+
Qe5 25.Bd3 O-O-O 26.Qxe5 Nxe5 27.Bf5+ Kc7 28.Nd4 Ba6+ 29.Ke1
c5 30.Ne2 Rd6 31.Nf4 Bb7 32.e4 Bc6 33.Ke2 Rhd8 34.Nd5+ Bxd5 35.exd5
Rxd5 36.Rxh5 Nc6 37.Bxg4 Nd4+ 38.Kf1 Nxc2 39.Rc1 Rxh5 40.Bxh5
Rh8 41.g4 Nd4 42.f4 Kd6 43.Kf2 Ke7 44.Ke3 Rh6 45.Kd3 Rd6 46.Re1+
Ne6+ 47.Ke3 Kf8 48.g3 Rd7 49.Rb1 f6 50.Bg6 Nc7 51.Kf3 0-1

[Event "Russian Championship HL 2015 Male"]
[Site "Kaliningrad"]
[Date "2015.06.23"]
[Round "2.19"]
[White "Gabrielian, Artur"]
[Black "Yanchenko, Roman"]
[Result "1-0"]
[WhiteElo "2560"]
[BlackElo "2384"]
[PlyCount "0"]
[EventDate "2015.06.22"]

1.e4 e5 2.Nf3 Nf6 3.Nc3 Bb4 4.Nxe5 Qe7 5.Nd3 Bxc3 6.dxc3 Nxe4
7.Be2 O-O 8.Nf4 Nf6 9.c4 d6 10.O-O Nc6 11.Re1 Re8 12.Bd2 Qd8
13.Nd5 Be6 14.Bg5 Bxd5 15.cxd5 Ne5 16.Bb5 c6 17.dxc6 bxc6 18.Bf1
d5 19.Qd4 Qb6 20.Be3 Qxd4 21.Bxd4 Ned7 22.f3 c5 23.Bf2 Re6 24.c3
Rb8 25.b3 g5 26.Bd3 Rbe8 27.Bf5 Re5 28.g4 c4 29.b4 Kf8 30.a4
h5 31.h3 hxg4 32.hxg4 Rxe1+ 33.Rxe1 Rxe1+ 34.Bxe1 Ne5 35.Kf2
Nfd7 36.Bd2 f6 37.Be3 a6 38.Be6 Ke7 39.Bxd5 Kd6 40.Bb7 Nb8 41.Ba7
Nbc6 42.Bc5+ Kc7 43.Bxa6 Nd3+ 44.Ke3 Nxc5 45.bxc5 Ne5 46.Bb5
Nd3 47.c6 Ne5 48.Ke4 Kb6 49.a5+ Kc7 50.a6 Kb6 51.Kd5 Nxf3 52.a7 1-0

[Event "Russian Championship HL 2015 Male"]
[Site "Kaliningrad"]
[Date "2015.06.23"]
[Round "2.20"]
[White "Matlakov, Maxim"]
[Black "Rjabzev, Konstantin"]
[Result "1-0"]
[WhiteElo "2696"]
[BlackElo "2314"]
[PlyCount "0"]
[EventDate "2015.06.22"]

1.c4 e6 2.Nc3 d5 3.d4 Be7 4.Bf4 Nf6 5.Nf3 O-O 6.e3 Nbd7 7.Be2
c5 8.cxd5 Nxd5 9.Nxd5 exd5 10.O-O Qb6 11.Qc2 Nf6 12.dxc5 Qxc5
13.Rac1 Qxc2 14.Rxc2 Bd8 15.Nd4 Bb6 16.Rfc1 Bd7 17.Bd3 Bxd4 18.exd4
Rfc8 19.Rc5 Rxc5 20.dxc5 a5 21.b3 Rc8 22.f3 Bc6 23.Kf2 d4 24.a3
Bd5 25.b4 axb4 26.axb4 Nd7 27.Bf5 Be6 28.Be4 b5 29.Bb7 Rd8 30.c6 1-0

[Event "Russian Championship HL 2015 Male"]
[Site "Kaliningrad"]
[Date "2015.06.23"]
[Round "2.21"]
[White "Predke, Alexandr"]
[Black "Airapetian, Gor"]
[Result "1/2-1/2"]
[WhiteElo "2543"]
[BlackElo "2444"]
[PlyCount "0"]
[EventDate "2015.06.22"]

1.e4 c6 2.d4 d5 3.Nc3 dxe4 4.Nxe4 Bf5 5.Ng3 Bg6 6.Nh3 e6 7.Nf4
Qh4 8.c3 Nd7 9.Qf3 Ngf6 10.Nxg6 hxg6 11.Ne2 Bd6 12.g3 Qg4 13.Qxg4
Nxg4 14.h3 e5 15.Bg2 Ngf6 16.Bg5 O-O-O 17.O-O-O Nb6 18.dxe5 Bxe5
19.Kc2 Rxd1 20.Rxd1 Re8 21.Nc1 Bc7 22.Nd3 Nc4 23.Re1 Rxe1 24.Nxe1
Ne5 25.Kd1 Bb6 26.Ke2 Nd5 27.Bd2 Kd7 28.b3 f6 29.f4 Nf7 30.Be4
Ne7 31.Bd3 g5 32.Bc4 Nd5 33.Nd3 gxf4 34.Bxd5 cxd5 35.Nxf4 Bc7
36.Nh5 g6 37.Nxf6+ Ke6 38.Nh7 Bxg3 39.Ng5+ Nxg5 40.Bxg5 Kf5 41.Be3
a6 42.Kd3 1/2-1/2

[Event "Russian Championship HL 2015 Male"]
[Site "Kaliningrad"]
[Date "2015.06.23"]
[Round "2.22"]
[White "Chigaev, Maksim"]
[Black "Zenzera, Alexey"]
[Result "1-0"]
[WhiteElo "2525"]
[BlackElo "2440"]
[PlyCount "0"]
[EventDate "2015.06.22"]

1.e4 c6 2.d4 d5 3.e5 Bf5 4.h4 h5 5.Bd3 Bxd3 6.Qxd3 e6 7.Bg5 Be7
8.Nf3 Nh6 9.Nc3 Nf5 10.Ne2 Qa5+ 11.c3 Qa6 12.Qc2 Nd7 13.b4 b6
14.a4 c5 15.b5 Qb7 16.Ng3 g6 17.O-O a5 18.Qd2 Bf8 19.Nxf5 gxf5
20.c4 cxd4 21.cxd5 Qxd5 22.Qxd4 Qxd4 23.Nxd4 Bg7 24.f4 O-O 25.Be7
Rfe8 26.Nc6 Bf8 27.Bd6 Rac8 28.Rfd1 Nc5 29.Bxc5 Bxc5+ 30.Kf1
Kh8 31.Rd3 Rg8 32.g3 Rc7 33.Rc1 Bb4 34.Rcd1 Bc5 35.Rd8 Rxd8 36.Rxd8+
Kg7 37.Ke2 Kh7 38.Rd2 Kg7 39.Rc2 Bf8 40.Rc4 Rd7 41.Nd4 Rxd4 42.Rxd4
Bc5 43.Rc4 Bg1 44.Rc7 Kg6 45.Rc6 Bd4 46.Kf3 Kg7 47.Rc4 Bg1 48.Rc1
Bd4 49.g4 fxg4+ 50.Ke4 Bf2 51.Rf1 Bxh4 52.Rh1 Bf2 53.Rxh5 f5+
54.exf6+ Kxf6 55.f5 g3 56.Rh6+ Kf7 57.fxe6+ Ke7 58.Rg6 Kd6 59.Kf5
Ke7 60.Rg7+ Ke8 61.e7 1-0

[Event "Russian Championship HL 2015 Male"]
[Site "Kaliningrad"]
[Date "2015.06.23"]
[Round "2.23"]
[White "Gontcharov, Vladislav"]
[Black "Prizant, Jaroslav"]
[Result "0-1"]
[WhiteElo "2431"]
[BlackElo "2516"]
[PlyCount "0"]
[EventDate "2015.06.22"]

1.d4 Nf6 2.Nf3 g6 3.c4 Bg7 4.Nc3 d5 5.Bg5 Ne4 6.cxd5 Nxg5 7.Nxg5
e6 8.Nf3 exd5 9.e3 O-O 10.Rc1 c6 11.b4 Be6 12.a4 Qe7 13.Qb3 Nd7
14.Be2 a6 15.O-O Nb6 16.a5 Nc8 17.Na4 Nd6 18.Nc5 Bg4 19.h3 Bf5
20.Rfe1 Rad8 21.Qc3 Rfe8 22.Bf1 Bc8 23.Qc2 Kh8 24.Rcd1 g5 25.Nh2
f5 26.Qc1 Bf6 27.Nd3 Qg7 28.Be2 Re7 29.Kh1 Rde8 30.Bh5 Rg8 31.Be2
Rge8 32.Bh5 Rg8 33.Be2 Bd7 34.Bf1 Be8 35.g3 Bh5 36.Rd2 Rge8 37.Be2
Bg6 38.Nf3 Nc4 39.Rc2 f4 40.Rxc4 dxc4 41.Nde5 Bxe5 42.Nxe5 fxg3
43.f4 gxf4 44.exf4 Bd3 45.Bf3 Bf5 46.d5 cxd5 47.Bxd5 Bxh3 48.Kg1
Be6 49.Bxe6 Rxe6 50.Kg2 0-1

[Event "Russian Championship HL 2015 Male"]
[Site "Kaliningrad"]
[Date "2015.06.23"]
[Round "2.24"]
[White "Girya, Olga"]
[Black "Shkapenko, Pavel"]
[Result "1/2-1/2"]
[WhiteElo "2486"]
[BlackElo "2431"]
[PlyCount "0"]
[EventDate "2015.06.22"]

1.d4 Nf6 2.c4 e6 3.Nf3 Bb4+ 4.Bd2 Qe7 5.g3 Nc6 6.Nc3 Bxc3 7.Bxc3
Ne4 8.Rc1 d6 9.d5 Nxc3 10.Rxc3 Nb8 11.dxe6 fxe6 12.Bg2 O-O 13.O-O
Nd7 14.Qd2 e5 15.Ng5 Nf6 16.Ne4 Rb8 17.c5 dxc5 18.Nxf6+ gxf6
19.Qc1 b6 20.b4 Be6 21.bxc5 Rfd8 22.cxb6 cxb6 23.Rc7 Rd7 24.Rxd7
Qxd7 25.Qh6 Qg7 26.Qd2 Qd7 27.Qxd7 Bxd7 28.Bd5+ Kg7 29.f4 exf4
30.gxf4 f5 31.Rf3 Re8 32.Rg3+ Kf6 33.Rh3 Kg7 34.Rg3+ Kf6 35.Rh3
Kg7 36.Rg3+ Kf6 1/2-1/2

[Event "Russian Championship HL 2015 Male"]
[Site "Kaliningrad"]
[Date "2015.06.23"]
[Round "2.25"]
[White "Chekhov, Sergei"]
[Black "Dzhumagaliev, Yan"]
[Result "1-0"]
[WhiteElo "2476"]
[BlackElo "2424"]
[PlyCount "0"]
[EventDate "2015.06.22"]

1.e4 c5 2.c3 d5 3.exd5 Qxd5 4.d4 Nc6 5.Nf3 Bg4 6.Be2 cxd4 7.cxd4
e6 8.Nc3 Qa5 9.h3 Bh5 10.d5 exd5 11.Nd4 Bxe2 12.Qxe2+ Be7 13.Nxc6
bxc6 14.O-O Kf8 15.Bd2 Re8 16.Rfe1 Qd8 17.Rac1 Nf6 18.Na4 Qc8
19.Qd3 Ne4 20.Be3 Bb4 21.Red1 Qd7 22.Qc4 dxc4 23.Rxd7 a5 24.Rxc4
Nf6 25.Rd3 Re6 26.Rd8+ Ne8 27.Rc8 Ke7 28.a3 Bd6 29.R4xc6 Rf8
30.Nc5 Rg6 31.Nb7 Be5 32.Rxg6 fxg6 33.Bc5+ Kd7 34.Rd8+ 1-0

[Event "Russian Championship HL 2015 Male"]
[Site "Kaliningrad"]
[Date "2015.06.23"]
[Round "2.26"]
[White "Yandemirov, Valeri"]
[Black "Bocharov, Ivan"]
[Result "1-0"]
[WhiteElo "2405"]
[BlackElo "2472"]
[PlyCount "0"]
[EventDate "2015.06.22"]

1.Nf3 f5 2.d3 Nc6 3.e4 e5 4.d4 fxe4 5.Nxe5 Qf6 6.Nxc6 bxc6 7.Be2
d5 8.c4 Bb4+ 9.Nc3 Ne7 10.O-O O-O 11.cxd5 cxd5 12.Nxe4 dxe4 13.Qb3+
Be6 14.Qxb4 Nc6 15.Qc5 Nxd4 16.Bc4 Bxc4 17.Qxc4+ Kh8 18.Be3 Nf5
19.b3 Qg6 20.Qxe4 Rae8 21.Qc4 a6 22.Rae1 h5 23.Bf4 Kh7 24.Rxe8
Rxe8 25.Bxc7 Rc8 26.Qf4 Ne7 27.Qe5 Nc6 28.Qd6 Qe4 29.Qf4 Qxf4
30.Bxf4 Nd4 31.Re1 Rc2 32.Be3 Nf5 33.Ra1 Nxe3 34.fxe3 Re2 35.Kf1
Rxe3 36.Rc1 Re5 37.Rc4 a5 38.Kf2 g5 39.a3 Kg6 40.b4 axb4 41.axb4
h4 42.h3 Kh5 43.Rd4 Kg6 44.Rc4 Kh5 45.Rc3 Rb5 46.Rb3 g4 47.Ke3
Kg5 48.Kd4 Kf4 49.Kc4 Rb8 50.b5 Ke5 51.b6 Kd6 52.Kb5 Rf8 53.Rd3+ 1-0

[Event "Russian Championship HL 2015 Male"]
[Site "Kaliningrad"]
[Date "2015.06.23"]
[Round "2.27"]
[White "Solozhenkin, Evgeniy"]
[Black "Rozhko, Dmitry"]
[Result "1-0"]
[WhiteElo "2464"]
[BlackElo "2336"]
[PlyCount "0"]
[EventDate "2015.06.22"]

1.e4 c6 2.d4 d5 3.Nc3 dxe4 4.Nxe4 h6 5.Nf3 Bf5 6.Nc5 Nd7 7.Nxb7
Qb6 8.Nc5 Nxc5 9.dxc5 Qxc5 10.c3 Nf6 11.Be3 Qa5 12.Bd4 c5 13.Bxf6
Rd8 14.Qb3 exf6 15.Bb5+ Bd7 16.Bc4 Bd6 17.Bxf7+ Kf8 18.Nh4 g5
19.Ng6+ Kg7 20.Nxh8 c4 21.Qxc4 Bb5 22.Qe4 Kxh8 23.Qg6 Bf8 24.Qg8# 1-0

[Event "Russian Championship HL 2015 Male"]
[Site "Kaliningrad"]
[Date "2015.06.23"]
[Round "2.28"]
[White "Musaev, Rasul"]
[Black "Triapishko, Olexandr"]
[Result "0-1"]
[WhiteElo "2341"]
[BlackElo "2462"]
[PlyCount "0"]
[EventDate "2015.06.22"]

1.e4 c5 2.Nf3 e6 3.d4 cxd4 4.Nxd4 Nc6 5.Nc3 d6 6.g3 Nge7 7.Nb3
a6 8.a4 d5 9.Bd2 g6 10.Bg2 Bg7 11.Qc1 d4 12.Nd1 O-O 13.O-O a5
14.Bh6 e5 15.Bxg7 Kxg7 16.f4 f6 17.Nf2 b6 18.Nd2 Be6 19.Ra3 Rc8
20.Rf3 exf4 21.gxf4 f5 22.Qe1 Nb4 23.exf5 Bxf5 24.c3 Nc2 25.Qe5+
Kg8 26.cxd4 Nc6 27.Qb5 N6xd4 28.Qa6 Nb4 29.Qb7 Rf7 0-1